A vajdasági filzófiai magyar kultúra 1945-től 1989-ig
Elmentve itt :
| Szerző: | |
|---|---|
| Adatforrás: | Philobibl |
| Forrásdokumentuma: | Híd 86.2022:4. 77-101. p. |
| Dokumentumtípus: | Cikk |
| Nyelv: | magyar |
| Kulcsszavak: | filozófia, magyar kisebbség Bodrogvári Ferenc Dési Ábel |
| Online elérés: | szabadon hozzáférhető |
| LEADER | 00551nab a2200157 c 4500 | ||
|---|---|---|---|
| 001 | bibPHI00000820 | ||
| 005 | 20260316111308.9 | ||
| 008 | 221216s2022 rb 00010 hun d | ||
| 100 | 1 | |a Losoncz Márk | |
| 245 | 1 | 2 | |a A vajdasági filzófiai magyar kultúra 1945-től 1989-ig |c Losoncz Márk |
| 695 | |a filozófia, magyar | ||
| 695 | |a kisebbség | ||
| 695 | |a Bodrogvári Ferenc | ||
| 695 | |a Dési Ábel | ||
| 773 | 1 | |t Híd |g 86.2022:4. 77-101. p. | |
| 856 | 4 | 1 | |3 Full text |u https://epa.oszk.hu/01000/01014/00193/pdf/EPA01014_hid_2022_04_077-101.pdf |z szabadon hozzáférhető |